zpět

Detail výsledku týmu

Spirit Bar - Žižkov, Praha

Datum a čas kvízu

19 Celkem bodů Celkový počet nahraných bodů na tomto kvízu bez doplňovacích otázek.
9. Pořadí na kvízu Konečné umístění týmu na tomto kvízu.

Zaznamenané odpovědi

# Otázka Odpověď Body Výsledky
1. KSČM ve čtvrtek ukončila člens... Jiří Dolejš 1
2. V úterý se v metropoli jedné b... v Rijádu 0
3. Minulý týden odstartovala na T... 4. řada, Suzuki 0
4. Cestovatelský server Tripadvis... Řecko 1
5. V pátek vyvrcholil v americkém... 4 Nations (Face Off)/Turnaj čtyř zemí 0
6. Nyní se od aktualit přesuneme... 1B 2A 3D 4C 0
7. Mladší generace éru druhohor p... sauropodi (Sauropoda) 0
8. Přibližně takto mohl vypadat j... o velociraptora 1
9. Americký spisovatel a scenáris... Michael Crichton 0
10. Na fotce vidíme mumii a rekons... Ötzi 1